<?xml version="1.0" encoding="UTF-8"?>
<record
    xmlns:xsi="http://www.w3.org/2001/XMLSchema-instance"
    xsi:schemaLocation="http://www.loc.gov/MARC21/slim http://www.loc.gov/standards/marcxml/schema/MARC21slim.xsd"
    xmlns="http://www.loc.gov/MARC21/slim">

  <leader>01373nam a22003497a 4500</leader>
  <controlfield tag="003">OSt</controlfield>
  <controlfield tag="005">20230315164559.0</controlfield>
  <controlfield tag="008">221006b        |||||||| |||| 00| 0 eng d</controlfield>
  <datafield tag="040" ind1=" " ind2=" ">
    <subfield code="c">Biblioteca Lado V</subfield>
  </datafield>
  <datafield tag="082" ind1=" " ind2=" ">
    <subfield code="a">700</subfield>
    <subfield code="b">C413a</subfield>
  </datafield>
  <datafield tag="100" ind1=" " ind2=" ">
    <subfield code="9">794</subfield>
    <subfield code="a">Cerdas Diaz, Sayira</subfield>
    <subfield code="e">Directora Ejecutiva</subfield>
  </datafield>
  <datafield tag="245" ind1=" " ind2=" ">
    <subfield code="a">Artmedia/</subfield>
    <subfield code="b">Arte en Mesoamerica/</subfield>
  </datafield>
  <datafield tag="260" ind1=" " ind2=" ">
    <subfield code="b">La Exposicion Internacional de Arte Art Basel US</subfield>
    <subfield code="c">2003</subfield>
    <subfield code="a">U.S.A.</subfield>
    <subfield code="a">Costa Rica</subfield>
    <subfield code="a">Mexico</subfield>
    <subfield code="a">Belice</subfield>
    <subfield code="a">Guatemala</subfield>
    <subfield code="a">Honduras</subfield>
    <subfield code="a">El Salvador</subfield>
    <subfield code="a">Nicaragua</subfield>
    <subfield code="a">Panama</subfield>
    <subfield code="a">Colombia</subfield>
  </datafield>
  <datafield tag="300" ind1=" " ind2=" ">
    <subfield code="c">21x30cm</subfield>
    <subfield code="a">62p.</subfield>
  </datafield>
  <datafield tag="366" ind1=" " ind2=" ">
    <subfield code="e">eng</subfield>
  </datafield>
  <datafield tag="490" ind1=" " ind2=" ">
    <subfield code="a">003</subfield>
    <subfield code="v">01</subfield>
    <subfield code="x">1659 1348</subfield>
  </datafield>
  <datafield tag="505" ind1=" " ind2=" ">
    <subfield code="t">En Bastidor | The Canvas</subfield>
    <subfield code="a">- Estimados Lectores
- Noticias del mundo pl&#xE1;stico 
- Agenda
- Directorio</subfield>
  </datafield>
  <datafield tag="505" ind1=" " ind2=" ">
    <subfield code="t">El artista y su estudio</subfield>
  </datafield>
  <datafield tag="505" ind1=" " ind2=" ">
    <subfield code="t">En Portada</subfield>
  </datafield>
  <datafield tag="505" ind1=" " ind2=" ">
    <subfield code="t">En Boceto</subfield>
  </datafield>
  <datafield tag="505" ind1=" " ind2=" ">
    <subfield code="t">Museos y Exposiciones</subfield>
  </datafield>
  <datafield tag="505" ind1=" " ind2=" ">
    <subfield code="t">Ventana al mundo</subfield>
  </datafield>
  <datafield tag="505" ind1=" " ind2=" ">
    <subfield code="t">Nuevas Tendencias</subfield>
  </datafield>
  <datafield tag="650" ind1=" " ind2=" ">
    <subfield code="2">Tesauro de Arte &amp; Arquitectura</subfield>
    <subfield code="a">ARTE</subfield>
    <subfield code="9">703</subfield>
  </datafield>
  <datafield tag="650" ind1=" " ind2=" ">
    <subfield code="2">Tesauro de Arte &amp; Arquitectura</subfield>
    <subfield code="a">ARTE EN MESOAMERICA</subfield>
  </datafield>
  <datafield tag="650" ind1=" " ind2=" ">
    <subfield code="2">Tesauro de Arte &amp; Arquitectura</subfield>
    <subfield code="a">RONALD MORAN</subfield>
  </datafield>
  <datafield tag="650" ind1=" " ind2=" ">
    <subfield code="2">Tesauro de Arte &amp; Arquitectura</subfield>
    <subfield code="a">BIENAL</subfield>
  </datafield>
  <datafield tag="650" ind1=" " ind2=" ">
    <subfield code="2">Tesauro de Arte &amp; Arquitectura</subfield>
    <subfield code="a">APRECIACION</subfield>
  </datafield>
  <datafield tag="650" ind1=" " ind2=" ">
    <subfield code="2">Tesauro de Arte &amp; Arquitectura</subfield>
    <subfield code="a">TEORIA</subfield>
  </datafield>
  <datafield tag="650" ind1=" " ind2=" ">
    <subfield code="2">Tesauro de Arte &amp; Arquitectura</subfield>
    <subfield code="a">CRITICA</subfield>
  </datafield>
  <datafield tag="942" ind1=" " ind2=" ">
    <subfield code="2">ddc</subfield>
    <subfield code="c">1</subfield>
    <subfield code="h">700</subfield>
    <subfield code="i">C413a</subfield>
    <subfield code="n">0</subfield>
  </datafield>
  <datafield tag="999" ind1=" " ind2=" ">
    <subfield code="c">3242</subfield>
    <subfield code="d">3242</subfield>
  </datafield>
  <datafield tag="952" ind1=" " ind2=" ">
    <subfield code="0">0</subfield>
    <subfield code="1">0</subfield>
    <subfield code="2">ddc</subfield>
    <subfield code="3">04</subfield>
    <subfield code="4">0</subfield>
    <subfield code="7">0</subfield>
    <subfield code="8">Revistas</subfield>
    <subfield code="a">LV</subfield>
    <subfield code="b">LV</subfield>
    <subfield code="d">2023-03-15</subfield>
    <subfield code="h">017</subfield>
    <subfield code="i">002724</subfield>
    <subfield code="l">0</subfield>
    <subfield code="o">700 C413a</subfield>
    <subfield code="p">002724</subfield>
    <subfield code="r">2023-03-15 00:00:00</subfield>
    <subfield code="w">2023-03-15</subfield>
    <subfield code="y">1</subfield>
  </datafield>
  <datafield tag="952" ind1=" " ind2=" ">
    <subfield code="0">0</subfield>
    <subfield code="1">0</subfield>
    <subfield code="2">ddc</subfield>
    <subfield code="3">04</subfield>
    <subfield code="4">0</subfield>
    <subfield code="7">0</subfield>
    <subfield code="8">Revistas</subfield>
    <subfield code="a">LV</subfield>
    <subfield code="b">LV</subfield>
    <subfield code="d">2023-03-15</subfield>
    <subfield code="h">015</subfield>
    <subfield code="i">002723</subfield>
    <subfield code="l">0</subfield>
    <subfield code="o">700 C413a</subfield>
    <subfield code="p">002723</subfield>
    <subfield code="r">2023-03-15 00:00:00</subfield>
    <subfield code="w">2023-03-15</subfield>
    <subfield code="y">1</subfield>
  </datafield>
  <datafield tag="952" ind1=" " ind2=" ">
    <subfield code="0">0</subfield>
    <subfield code="1">0</subfield>
    <subfield code="2">ddc</subfield>
    <subfield code="3">04</subfield>
    <subfield code="4">0</subfield>
    <subfield code="7">0</subfield>
    <subfield code="8">Revistas</subfield>
    <subfield code="a">LV</subfield>
    <subfield code="b">LV</subfield>
    <subfield code="d">2023-03-15</subfield>
    <subfield code="h">014</subfield>
    <subfield code="i">002722</subfield>
    <subfield code="l">0</subfield>
    <subfield code="o">700 C413a</subfield>
    <subfield code="p">002722</subfield>
    <subfield code="r">2023-03-15 00:00:00</subfield>
    <subfield code="w">2023-03-15</subfield>
    <subfield code="y">1</subfield>
  </datafield>
  <datafield tag="952" ind1=" " ind2=" ">
    <subfield code="0">0</subfield>
    <subfield code="1">0</subfield>
    <subfield code="2">ddc</subfield>
    <subfield code="3">03</subfield>
    <subfield code="4">0</subfield>
    <subfield code="7">0</subfield>
    <subfield code="8">Revistas</subfield>
    <subfield code="a">LV</subfield>
    <subfield code="b">LV</subfield>
    <subfield code="d">2023-03-15</subfield>
    <subfield code="h">013</subfield>
    <subfield code="i">002721</subfield>
    <subfield code="l">0</subfield>
    <subfield code="o">700 C413a</subfield>
    <subfield code="p">002721</subfield>
    <subfield code="r">2023-03-15 00:00:00</subfield>
    <subfield code="w">2023-03-15</subfield>
    <subfield code="y">1</subfield>
  </datafield>
  <datafield tag="952" ind1=" " ind2=" ">
    <subfield code="0">0</subfield>
    <subfield code="1">0</subfield>
    <subfield code="2">ddc</subfield>
    <subfield code="3">03</subfield>
    <subfield code="4">0</subfield>
    <subfield code="7">0</subfield>
    <subfield code="8">Revistas</subfield>
    <subfield code="a">LV</subfield>
    <subfield code="b">LV</subfield>
    <subfield code="d">2023-03-15</subfield>
    <subfield code="h">012</subfield>
    <subfield code="i">002720</subfield>
    <subfield code="l">0</subfield>
    <subfield code="o">700 C413a</subfield>
    <subfield code="p">002720</subfield>
    <subfield code="r">2023-03-15 00:00:00</subfield>
    <subfield code="w">2023-03-15</subfield>
    <subfield code="y">1</subfield>
  </datafield>
  <datafield tag="952" ind1=" " ind2=" ">
    <subfield code="0">0</subfield>
    <subfield code="1">0</subfield>
    <subfield code="2">ddc</subfield>
    <subfield code="3">03</subfield>
    <subfield code="4">0</subfield>
    <subfield code="7">0</subfield>
    <subfield code="8">Revistas</subfield>
    <subfield code="a">LV</subfield>
    <subfield code="b">LV</subfield>
    <subfield code="d">2023-03-15</subfield>
    <subfield code="h">011</subfield>
    <subfield code="i">003944</subfield>
    <subfield code="l">0</subfield>
    <subfield code="o">700 C413a</subfield>
    <subfield code="p">003944</subfield>
    <subfield code="r">2023-03-15 00:00:00</subfield>
    <subfield code="w">2023-03-15</subfield>
    <subfield code="y">1</subfield>
  </datafield>
  <datafield tag="952" ind1=" " ind2=" ">
    <subfield code="0">0</subfield>
    <subfield code="1">0</subfield>
    <subfield code="2">ddc</subfield>
    <subfield code="3">03</subfield>
    <subfield code="4">0</subfield>
    <subfield code="7">0</subfield>
    <subfield code="8">Revistas</subfield>
    <subfield code="a">LV</subfield>
    <subfield code="b">LV</subfield>
    <subfield code="d">2023-03-15</subfield>
    <subfield code="h">010</subfield>
    <subfield code="i">002719</subfield>
    <subfield code="l">0</subfield>
    <subfield code="o">700 C413a</subfield>
    <subfield code="p">002719</subfield>
    <subfield code="r">2023-03-15 00:00:00</subfield>
    <subfield code="w">2023-03-15</subfield>
    <subfield code="y">1</subfield>
  </datafield>
  <datafield tag="952" ind1=" " ind2=" ">
    <subfield code="0">0</subfield>
    <subfield code="1">0</subfield>
    <subfield code="2">ddc</subfield>
    <subfield code="3">02</subfield>
    <subfield code="4">0</subfield>
    <subfield code="7">0</subfield>
    <subfield code="8">Revistas</subfield>
    <subfield code="a">LV</subfield>
    <subfield code="b">LV</subfield>
    <subfield code="d">2023-03-15</subfield>
    <subfield code="h">009</subfield>
    <subfield code="i">002718</subfield>
    <subfield code="l">0</subfield>
    <subfield code="o">700 C413a</subfield>
    <subfield code="p">002718</subfield>
    <subfield code="r">2023-03-15 00:00:00</subfield>
    <subfield code="w">2023-03-15</subfield>
    <subfield code="y">1</subfield>
  </datafield>
  <datafield tag="952" ind1=" " ind2=" ">
    <subfield code="0">0</subfield>
    <subfield code="1">0</subfield>
    <subfield code="2">ddc</subfield>
    <subfield code="3">02</subfield>
    <subfield code="4">0</subfield>
    <subfield code="7">0</subfield>
    <subfield code="8">Revistas</subfield>
    <subfield code="a">LV</subfield>
    <subfield code="b">LV</subfield>
    <subfield code="d">2023-03-15</subfield>
    <subfield code="h">007</subfield>
    <subfield code="i">002716</subfield>
    <subfield code="l">0</subfield>
    <subfield code="o">700 C413a</subfield>
    <subfield code="p">002716</subfield>
    <subfield code="r">2023-03-15 00:00:00</subfield>
    <subfield code="w">2023-03-15</subfield>
    <subfield code="y">1</subfield>
  </datafield>
  <datafield tag="952" ind1=" " ind2=" ">
    <subfield code="0">0</subfield>
    <subfield code="1">0</subfield>
    <subfield code="2">ddc</subfield>
    <subfield code="3">02</subfield>
    <subfield code="4">0</subfield>
    <subfield code="7">0</subfield>
    <subfield code="8">Revistas</subfield>
    <subfield code="a">LV</subfield>
    <subfield code="b">LV</subfield>
    <subfield code="d">2023-03-15</subfield>
    <subfield code="h">006</subfield>
    <subfield code="i">002715</subfield>
    <subfield code="l">0</subfield>
    <subfield code="o">700 C413a</subfield>
    <subfield code="p">002715</subfield>
    <subfield code="r">2023-03-15 00:00:00</subfield>
    <subfield code="w">2023-03-15</subfield>
    <subfield code="y">1</subfield>
  </datafield>
  <datafield tag="952" ind1=" " ind2=" ">
    <subfield code="0">0</subfield>
    <subfield code="1">0</subfield>
    <subfield code="2">ddc</subfield>
    <subfield code="3">02</subfield>
    <subfield code="4">0</subfield>
    <subfield code="7">0</subfield>
    <subfield code="8">Revistas</subfield>
    <subfield code="a">LV</subfield>
    <subfield code="b">LV</subfield>
    <subfield code="d">2023-03-15</subfield>
    <subfield code="h">005</subfield>
    <subfield code="i">002714</subfield>
    <subfield code="l">0</subfield>
    <subfield code="o">700 C413a</subfield>
    <subfield code="p">002714</subfield>
    <subfield code="r">2023-03-15 00:00:00</subfield>
    <subfield code="w">2023-03-15</subfield>
    <subfield code="y">1</subfield>
  </datafield>
  <datafield tag="952" ind1=" " ind2=" ">
    <subfield code="0">0</subfield>
    <subfield code="1">0</subfield>
    <subfield code="2">ddc</subfield>
    <subfield code="3">02</subfield>
    <subfield code="4">0</subfield>
    <subfield code="7">0</subfield>
    <subfield code="8">Revistas</subfield>
    <subfield code="a">LV</subfield>
    <subfield code="b">LV</subfield>
    <subfield code="d">2023-03-15</subfield>
    <subfield code="h">004</subfield>
    <subfield code="i">003103</subfield>
    <subfield code="l">0</subfield>
    <subfield code="o">700 C413a</subfield>
    <subfield code="p">003103</subfield>
    <subfield code="r">2023-03-15 00:00:00</subfield>
    <subfield code="w">2023-03-15</subfield>
    <subfield code="y">1</subfield>
  </datafield>
  <datafield tag="952" ind1=" " ind2=" ">
    <subfield code="0">0</subfield>
    <subfield code="1">0</subfield>
    <subfield code="2">ddc</subfield>
    <subfield code="3">02</subfield>
    <subfield code="4">0</subfield>
    <subfield code="7">0</subfield>
    <subfield code="8">Revistas</subfield>
    <subfield code="a">LV</subfield>
    <subfield code="b">LV</subfield>
    <subfield code="d">2023-03-15</subfield>
    <subfield code="h">004</subfield>
    <subfield code="i">002713</subfield>
    <subfield code="l">0</subfield>
    <subfield code="o">700 C413a</subfield>
    <subfield code="p">002713</subfield>
    <subfield code="r">2023-03-15 00:00:00</subfield>
    <subfield code="w">2023-03-15</subfield>
    <subfield code="y">1</subfield>
  </datafield>
  <datafield tag="952" ind1=" " ind2=" ">
    <subfield code="0">0</subfield>
    <subfield code="1">0</subfield>
    <subfield code="2">ddc</subfield>
    <subfield code="3">01</subfield>
    <subfield code="4">0</subfield>
    <subfield code="7">0</subfield>
    <subfield code="8">Revistas</subfield>
    <subfield code="a">LV</subfield>
    <subfield code="b">LV</subfield>
    <subfield code="d">2023-03-15</subfield>
    <subfield code="h">003</subfield>
    <subfield code="i">002712</subfield>
    <subfield code="l">0</subfield>
    <subfield code="o">700 C413a</subfield>
    <subfield code="p">002712</subfield>
    <subfield code="r">2023-03-15 00:00:00</subfield>
    <subfield code="w">2023-03-15</subfield>
    <subfield code="y">1</subfield>
  </datafield>
</record>
